000 00522 a2200169 4500
003 OSt
005 20260310124055.0
008 260310b |||||||| |||| 00| 0 eng d
020 _a9789392377464
040 _coclc
082 _a658.4092
_bRAO/W
100 _aRao, Sudhakar
_910634
245 _aWise Views: Lessons from the Game Changers /
_cSudhakar Rao, R Prasad
260 _aTelangana:
_bIUP Publications,
_c2021.
300 _a322 pages
942 _2ddc
_cBK
_h658.4092
_iRAO/W
_k658.4092
_mRAO/W
999 _c44724
_d44724